Termodinámica : (Record no. 163883)

MARC details
000 -LEADER
campo de control de longitud fija 00958nam a22002055i 4500
001 - NÚMERO DE CONTROL
campo de control 163883
003 - IDENTIFICADOR DE NÚMERO DE CONTROL
campo de control ES-MaACL
005 - FECHA Y HORA DE LA ÚLTIMA TRANSACCIÓN
campo de control 20230906212829.0
008 - DATOS DE LONGITUD FIJA--INFORMACIÓN GENERAL
campo de control de longitud fija 950206s1876 sp |||| | spa d
100 1# - ENTRADA PRINCIPAL--NOMBRE DE PERSONA
Nombre de persona Rojas y Caballero Infante, Francisco de Paula.
9 (RLIN) 99083
245 10 - MENCIÓN DEL TÍTULO
Título Termodinámica :
Resto del título su historia, sus aplicaciones y su importancia : memoria premiada en concurso público por el Ateneo Barcelonés /
Mención de responsabilidad, etc. escrita por D. Francisco de Paula Rojas y Caballero Infante ; edición costeada por el Ateneo Barcelonés.
260 ## - PUBLICACIÓN, DISTRIBUCIÓN, ETC.
Lugar de publicación, distribución, etc. Barcelona :
Nombre del editor, distribuidor, etc. [s.n.],
Fecha de publicación, distribución, etc. 1876 (
Fabricante Est. Tip. de Luis Tasso)
300 ## - DESCRIPCIÓN FÍSICA
Extensión VIII, 147 p. ;
Dimensiones 28 cm.
530 ## - NOTA DISPONIBLE DE FORMULARIO FÍSICO ADICIONAL
Nota de formato físico adicional disponible Disponible en formato digital.
597 ## - NOTA DE DESCRIPCIÓN FÍSICA
NOTA DE DESCRIPCIÓN FÍSICA Antep.
650 #4 - PUNTO DE ACCESO ADICIONAL DE MATERIA--TÉRMINO DE MATERIA
Término de materia o nombre geográfico como elemento de entrada Termodinámica.
9 (RLIN) 17486
710 2# - ENTRADA AGREGADA--NOMBRE DE ENTIDAD CORPORATIVA
Nombre de entidad corporativa o nombre de jurisdicción como elemento de entrada Ateneu Barcelonès.
9 (RLIN) 2060
852 4# - LOCALIZACIÓN
Ubicación ES-MaACL
Número de control de estantería B-1611
Nota libre - Enc. hol.
856 4# - LOCALIZACIÓN Y ACCESO ELECTRÓNICOS
Identificador Uniforme de Recursos <a href="http://www.bibliotecavirtualdeandalucia.es/catalogo/es/consulta/registro.do?id=1037478">http://www.bibliotecavirtualdeandalucia.es/catalogo/es/consulta/registro.do?id=1037478</a>
Nota pública Biblioteca Virtual de Andalucía
Holdings
Estatus retirado Estado de pérdida Estado de daño No para préstamo Colección Biblioteca de origen Biblioteca actual Ubicación en estantería Fecha de adquisición Fuente de adquisición Total de préstamos Signatura topográfica completa Código de barras Visto por última vez Precio de reemplazo Tipo de ítem Koha
        Colección digital Biblioteca del Ateneo de Madrid Biblioteca del Ateneo de Madrid Sala Pardo Bazán 17/01/2008     B-1611 1171753 23/02/2023 23/02/2023 Libro impreso antiguo